| 000 | 01286 a2200289 4500 | ||
|---|---|---|---|
| 003 | Nust | ||
| 005 | 20230222113642.0 | ||
| 010 | _a 89025089 | ||
| 020 | _a0471619833 | ||
| 040 | _cNust | ||
| 082 | 0 | 0 | _a515.35,HAN |
| 100 | 1 |
_aHanna, J. Ray. _9103283 |
|
| 245 | 1 | 0 | _aFourier series, transforms, and boundary value problems / |
| 250 |
_a2nd ed. / _bJ. Ray Hanna and John H. Rowland. |
||
| 260 |
_aNew York : _bWiley, _cc1990. |
||
| 300 |
_axii, 354 p. : _bill. ; _c25 cm. |
||
| 490 | 1 | _aPure and applied mathematics | |
| 505 | _aLinear Differential Equation (Page-1), Orthogonal Sets of Function (Page-40), Fourier Series (Page-68), Fourier Integrals (Page-102), Basel Functions (Page-117), Legendre Polynomials (Page-142),Integral Transforms (Page-168), Application of BVPs (Page-219), Additional Applications (Page-270). | ||
| 650 | 0 |
_aBoundary value problems. _9689 |
|
| 650 | 0 |
_aFourier series. _939035 |
|
| 700 | 1 |
_aHanna, J. Ray. _9103283 |
|
| 700 | 1 |
_aRowland, John H. _9103284 |
|
| 830 | 0 |
_aPure and applied mathematics (John Wiley & Sons : unnumbered) _912576 |
|
| 856 | 4 | 2 |
_3Publisher description _uhttp://www.loc.gov/catdir/description/wiley031/89025089.html |
| 856 | 4 | 2 |
_3Table of Contents _uhttp://www.loc.gov/catdir/toc/onix01/89025089.html |
| 942 |
_cREF _2ddc |
||
| 999 |
_c175414 _d175414 |
||